| 000 | 01326nam a2200349 i 4500 | ||
|---|---|---|---|
| 001 | 768714001 | ||
| 003 | CO-MdFUSB | ||
| 005 | 20251016153546.0 | ||
| 007 | ta | ||
| 008 | 250716t20042009xxx |||| |||| 00| 0 spa d | ||
| 040 |
_aCO-MdFUSB _bspa _cCO-MdFUSB _dCO-MdFUSBC _erda |
||
| 041 | _aspa | ||
| 082 |
_223 _a248.4 _bH565 |
||
| 100 |
_aHerrera, J. Wilson, _eautor |
||
| 245 |
_aCrecer : _bcrecimiento es la evidencia de que hay vida : guía devocional _c/ J. Wilson Herrera ; coordinado por Katie Isaza |
||
| 250 | _aedición revisada | ||
| 264 | 1 |
_bIglesia del Pacto Evangélico, _a[Lugar de publicación no identificado] _c[2009] |
|
| 264 | 4 | _c©2009 | |
| 300 |
_a71 páginas _c; 22 cm |
||
| 336 |
_2rdacontent _atexto _btxt |
||
| 337 |
_2rdamedia _asin mediación _bn |
||
| 338 |
_2rdacarrier _avolumen _bnc |
||
| 490 | _aRecursos para la Formación de Discípulos | ||
| 500 | _aLa señora Katie Isaza es docente de la materia Educación Cristiana de la FUSBC. | ||
| 505 | _aCuidar nuestra relación con Dios. -- Relacionarnos con afecto. -- Exaltar y adorar a Dios. -- Conocer su Palabra. -- Extender el reino de Dios. -- Responder a su amor. | ||
| 563 | _aRústico | ||
| 650 | 0 |
_aVida cristiana _919 |
|
| 653 | _aDevocional | ||
| 700 |
_aIsaza, Katie, _911772 _ecoordinador |
||
| 942 | _cBK | ||
| 945 | _aJTF-925 | ||
| 999 |
_c71394 _d71394 |
||